[Event "Titled Tuesday intern op 04th Jul Late"]
[Site "Chess.com INT"]
[Date "2023.07.04"]
[Round "3"]
[White "Fiedorek, Michal"]
[Black "Goryachkina, Aleksandra"]
[Result "1/2-1/2"]
[WhiteElo "2332"]
[BlackElo "2557"]
[PlyCount "95"]
[EventDate "2023.07.04"]
[EventType "swiss (blitz)"]
[EventRounds "11"]
[EventCountry "USA"]
[SourceTitle "EXT 2024"]
[Source "ChessBase"]
[SourceDate "2023.10.10"]
[SourceVersion "1"]
[SourceVersionDate "2023.10.10"]
[SourceQuality "1"]

1. e4 c5 2. Nf3 e6 3. d4 cxd4 4. Nxd4 Nc6 5. Nb5 Nf6 6. e5 Ne4 7. Qg4 f5 8. exf6 Nxf6 9. Qg3 d6 10. Bd3 a6 11. N5c3 Qc7 12. 0-0 Qf7 13. Na3 b5 14. Ne4 Nxe4 15. Bxe4 d5 16. Bd3 Be7 17. Bg5 Bxg5 18. Qxg5 0-0 19. c3 Bb7 20. Nc2 e5 21. Ne3 d4 22. Nf5 Qf6 23. Qxf6 Rxf6 24. cxd4 Nxd4 25. Nxd4 exd4 26. Rfe1 Raf8 27. f3 Rd8 28. Re5 g6 29. Rae1 Bd5 30. a3 Bc4 31. Rd1 Bxd3 32. Rxd3 Rc6 33. Re2 Rc1+ 34. Kf2 a5 35. Red2 a4 36. Kg3 Rc4 37. b3 axb3 38. Rxb3 Ra4 39. Rbd3 Rd5 40. Kf4 Rd7 41. Ke4 Kf7 42. Rxd4 Rdxd4+ 43. Rxd4 Rxa3 44. Rd7+ Kg8 45. Rb7 Ra2 46. g3 Rxh2 47. Rxb5 Re2+ 48. Kf4 1/2-1/2

[Event "Titled Tuesday intern op 04th Jul Early"]
[Site "Chess.com INT"]
[Date "2023.07.04"]
[Round "11"]
[White "Fiedorek, Michal"]
[Black "Kovacevic, Radmila"]
[Result "1/2-1/2"]
[WhiteElo "2332"]
[BlackElo "2117"]
[PlyCount "103"]
[EventDate "2023.07.04"]
[EventType "swiss (blitz)"]
[EventRounds "11"]
[EventCountry "USA"]
[SourceTitle "EXT 2024"]
[Source "ChessBase"]
[SourceDate "2023.10.10"]
[SourceVersion "1"]
[SourceVersionDate "2023.10.10"]
[SourceQuality "1"]

1. e4 e5 2. Nf3 d5 3. Nxe5 Bd6 4. d4 dxe4 5. Bc4 Bxe5 6. dxe5 Qxd1+ 7. Kxd1 Nc6 8. Bf4 Nge7 9. Nc3 Bg4+ 10. Be2 0-0-0+ 11. Ke1 Bxe2 12. Nxe2 Ng6 13. Rd1 Nxf4 14. Nxf4 Nxe5 15. Ke2 c6 16. b3 g5 17. Nh5 f5 18. Ng7 f4 19. h4 Rxd1 20. Rxd1 h6 21. Ne6 f3+ 22. gxf3 exf3+ 23. Kf1 gxh4 24. Re1 Ng6 25. Ng7 h3 26. Kg1 Rg8 27. Re8+ Rxe8 28. Nxe8 Ne5 29. Kh2 Kd7 30. Ng7 Ng4+ 31. Kxh3 Nxf2+ 32. Kg3 Ne4+ 33. Kxf3 Nd6 34. c4 b5 35. c5 Nb7 36. b4 a5 37. a3 axb4 38. axb4 Nd8 39. Kg4 Ne6 40. Nf5 Nc7 41. Nxh6 Nd5 42. Kf3 Nxb4 43. Ke4 Ke6 44. Ng4 Nd5 45. Kd4 Nb4 46. Ne3 Na6 47. Ng4 Kf5 48. Ne5 b4 49. Nxc6 b3 50. Kc3 Nxc5 51. Nd4+ Ke5 52. Nxb3 1/2-1/2